• 首页
  • 本馆介绍
  • 公告通知
  • 最新文献
  • 馆藏检索
  • 电子资源
  • 读者导购
  • 参考咨询
  • 我的图书馆
  • 登录
  • 详细信息显示
  • 放入我的书架
  • 预约/预借图书
  • 作者相关作品
  • 分类相关作品
  • 丛书相关作品
  • 出版社相关作品

书目信息

  • 表格格式
  • 工作单格式
  • 卡片格式
题名:
哲学概论
    
 
作者: 唐君毅 著
分册: 下  
出版信息: 北京   中国社会科学出版社  2005
页数: 444-939页
开本: 24cm
丛书名: 新传统主义丛书
单 册:
中图分类: B0
科图分类:
主题词: 哲学--概论
电子资源:
ISBN: 7-5004-5195-4
000 01367nam0 2200361 450
000 01330nam0 2200349 450
000 01312nam0 2200349 450
000 01258nam0 2200325 450
000 01225nam0 2200325 450
000 01171nam0 2200301 450
000 01189nam0 2200289 450
000 01152nam0 2200277 45
001 TS2006042947
005 20061203145323.20
010    @a7-5004-5195-4@dCNY46.00
100    @a20060829d2005 ekmy0chiy0120 ea
101 0  @achi
102    @aCN@b110000
105    @ay z 000yy
200 1  @a哲学概论@AZhe Xue Gai Lun@h下@HXia@f唐君毅著@FTang Jun Yi Zhu
210    @a北京@c中国社会科学出版社@d2005
215    @a444-939页@d24cm
225 2  @a新传统主义丛书@i唐君毅著作选
330    @a本书虽成就于上一世纪中期,当初是为一般大学生撰写的哲学教材。但因本书行文与语言的平实和准确,内容十分丰瞻,更因作者在研究、观察和切入问题时充满智慧的眼光和其哲学家的娴熟处理手法,在问世约半个世纪后的今天,本书仍然可以当之无愧地被认为是最优秀的哲学作品之一。
410  0 @12001 @a新传统主义丛书
606 0  @a哲学@x概论
690    @aB0@v4
701  0 @a唐君毅@ATang Jun Yi@4著
801  0 @aCN@b中图数据@c20061203
905    @a10447@dB0@e209:2
    
    哲学概论.下/唐君毅著.-北京:中国社会科学出版社,2005
    444-939页;24cm.-(新传统主义丛书.唐君毅著作选)
    
    
    ISBN 7-5004-5195-4:CNY46.00
    本书虽成就于上一世纪中期,当初是为一般大学生撰写的哲学教材。但因本书行文与语言的平实和准确,内容十分丰瞻,更因作者在研究、观察和切入问题时充满智慧的眼光和其哲学家的娴熟处理手法,在问世约半个世纪后的今天,本书仍然可以当之无愧地被认为是最优秀的哲学作品之一。
●
相关链接 在E读中查询图书 在五车中查询图书 在当当中查询图书 在豆瓣中查询图书


正题名:哲学概论     索取号:B0/209:2         预约/预借

序号 登录号 条形码 馆藏地/架位号 状态 备注
1 0610116   206101163   第一借阅区/ [索取号:B0/209:2] 在馆    
2 0610117   206101172   密集书库/ [索取号:B0/209:2] 在馆    
3 0610120   206101207   教育系资料室/ [索取号:B0/209:2] 在馆    
4 0610158   206101582   第一样本阅览室/ [索取号:B0/209:2] 在馆    
5 0610159   206101591   第一借阅区/ [索取号:B0/209:2] 在馆    
唐山师范学院图书馆 欢迎您!
大连网信软件有限公司© 版权所有